| 000 | 00925nam a22002897a 4500 | ||
|---|---|---|---|
| 001 | 020045418 | ||
| 003 | DO-SdBNP | ||
| 005 | 20180219145143.0 | ||
| 007 | 020045418 | ||
| 008 | 161202b 1964 sp a ||||| |||| 00| 0 spa d | ||
| 040 |
_aBPMSU _bspa _cBPMSU |
||
| 082 |
_axxxx _bxxxx |
||
| 100 | 1 | _aMoleón Viana, Miguel Ángel | |
| 245 | 1 | 0 |
_aCancionero infantil, antología : _bantología / _crealizó la recopilación, selección y notaxiones musicales Bonifacio Gil. |
| 260 |
_aMadrid : _bTaurus, _c1964. |
||
| 300 |
_a163 p. ; _bil. ; _c18 cm. |
||
| 490 | 1 |
_aTemas de España _v25 |
|
| 490 | 1 | _aSer y tiempo, | |
| 650 | _aCanciones infantiles -- España | ||
| 650 | _aCantos infantiles. | ||
| 700 | 1 | 2 |
_aGil, Bonifacio, _d1898-1964. _eil. |
| 830 | 0 |
_aTemas de España ; _v25 |
|
| 830 | 0 | _aSer y tiempo | |
| 942 |
_2ddc _cBK |
||
| 945 | _aInventariado, 2018 / BT | ||
| 956 |
_2LOPEREZ _310 _620161202 _8BPMSU _a00041 |
||
| 999 |
_c12240 _d12240 |
||